000 00588nam a2200205 a 4500
005 20140513081046.0
008 020924s19uu xx 00 eng d
020 _aCB000624003
050 _aVCD
_bGo646 2000
245 _aGood, clean fun.
260 _aCubao, Quezon City :
_bMagnavision Home Video,
_c2000.
300 _a30 mins. ; colored
440 _aBarney's
500 _aVCD Orig.
520 _aLearn about: good hygiene--Brushing teeth--Washing hands--Bathing and washing hair.
650 _aSongs
650 _aRhymes
650 _aClealiness -- Film
999 _c116172
_d116172